[Event "2017 Server Team Championship, S71999"]
[Site "CCLA"]
[Date "2017.10.16"]
[Round "?"]
[White "Edwards, K. E. D. G."]
[Black "O'Connell, C."]
[Result "1/2-1/2"]
[WhiteElo "2284"]
[BlackElo "2340"]
[Board "2"]
[WhiteTeam "Desperados"]
[BlackTeam "PA Keystones"]

1. e4 c5 2. Nf3 g6 3. d4 cxd4 4. Nxd4 Nc6 5. Nc3 Bg7 6. Be3 Nf6 7. Bc4 O-O
8. Bb3 Re8 9. h3 d6 10. O-O Na5 11. Qd3 b6 12. Rfd1 Nxb3 13. axb3 Bb7 14. 
b4 a5 15. bxa5 bxa5 16. f3 e6 17. Qd2 Qb8 18. b3 Rc8 19. Na4 Bc6 20. c4 
Bxa4 21. Rxa4 d5 22. Rxa5 dxe4 23. Rb5 Qc7 24. Bf4 Qa7 25. fxe4 Nxe4 26. 
Qe3 Rd8 27. Qxe4 Rxd4 28. Rxd4 Bxd4+ 29. Kh2 Bg1+ 30. Kh1 Rd8 31. Be5 Bd4 
32. Bxd4 Rxd4 33. Qe2 1/2-1/2

[Event "2017 Server Team Championship, S71999"]
[Site "CCLA"]
[Date "2017.10.16"]
[Round "?"]
[White "Edwards, K. E. D. G."]
[Black "Jones, Jan"]
[Result "1/2-1/2"]
[WhiteElo "2284"]
[BlackElo "2196"]
[Board "2"]
[WhiteTeam "Desperados"]
[BlackTeam "Gustafson Winners"]

1. e4 c5 2. Nf3 Nc6 3. Nc3 g6 4. d4 cxd4 5. Nxd4 Bg7 6. Be3 Nf6 7. Bc4 O-O
8. Bb3 d6 9. f3 Bd7 10. Qd2 Nxd4 11. Bxd4 b5 12. h4 a5 13. a3 b4 14. axb4 
axb4 15. Na2 Ba4 16. Bc4 e5 17. Bf2 d5 18. exd5 e4 19. O-O exf3 20. gxf3 
Qc8 21. Bd3 Ng4 22. fxg4 Qxg4+ 23. Kh1 Qf3+ 24. Kg1 Qg4+ 25. Kh1 Qh3+ 
1/2-1/2

[Event "2017 Server Team Championship, S71999"]
[Site "CCLA"]
[Date "2017.10.16"]
[Round "?"]
[White "Edwards, K. E. D. G."]
[Black "Sherwood, Helen"]
[Result "1/2-1/2"]
[WhiteElo "2284"]
[BlackElo "2294"]
[Board "2"]
[WhiteTeam "Desperados"]
[BlackTeam "BCCA"]

1. e4 c5 2. Nf3 d6 3. d4 cxd4 4. Nxd4 Nf6 5. Nc3 a6 6. f3 e5 7. Nb3 Be6 8.
 Be3 h5 9. Qd2 Nbd7 10. Nd5 Bxd5 11. exd5 g6 12. Be2 Bg7 13. O-O O-O 14. 
Na5 Qc7 15. c4 e4 16. f4 Ng4 17. Bxg4 hxg4 18. Rab1 Nc5 19. f5 gxf5 20. 
Rxf5 Nd3 21. Nb3 Qxc4 22. Bh6 f6 23. Bxg7 Kxg7 24. Qe3 Ne5 25. Nd4 Qxd5 
26. Rbf1 Rf7 27. R5f4 Kg6 28. Rxe4 f5 29. Ref4 Raf8 30. h4 b5 31. Kh2 Nc4 
32. Qf2 Kh7 33. Kg3 Rf6 34. h5 R8f7 35. b3 Ne5 36. Qc2 Qc5 37. Kh4 Rf8 38.
 a3 1/2-1/2

[Event "2017 Server Team Championship, S71999"]
[Site "CCLA"]
[Date "2017.10.16"]
[Round "?"]
[White "Edwards, K. E. D. G."]
[Black "Carter, Maurice H."]
[Result "1-0"]
[WhiteElo "2284"]
[BlackElo "2171"]
[Board "2"]
[WhiteTeam "Desperados"]
[BlackTeam "Queen and Knights"]

1. e4 c5 2. Nf3 e6 3. d4 cxd4 4. Nxd4 a6 5. Bd3 Bc5 6. Nb3 Ba7 7. Qe2 Nc6 
8. Nc3 d6 9. Be3 Bxe3 10. Qxe3 b5 11. O-O-O Nf6 12. f4 e5 13. Rd2 O-O 14. 
Rhd1 exf4 15. Qxf4 Ne5 16. Be2 Bb7 17. Nc5 Bc6 18. Rxd6 Qe7 19. a3 Rfc8 
20. Nb3 Bb7 21. Na5 Ng6 22. Qe3 Bxe4 23. Nxe4 Nxe4 24. Rd7 Qg5 25. Qxg5 
Nxg5 26. Nb7 Kf8 27. Nd6 Rd8 28. Rxd8+ Rxd8 29. c4 Nf4 30. Bf1 bxc4 31. 
Nxc4 Rxd1+ 32. Kxd1 Ne4 33. Na5 Ke7 34. g3 Ne6 35. Bxa6 Nf2+ 36. Ke2 Ng4 
37. h3 Nf6 38. Bb7 Nd4+ 39. Kd3 Ne6 40. b4 Nh5 41. Nc6+ Kd6 42. Nd4 Nxd4 
43. Kxd4 Nxg3 44. a4 Kc7 45. Bf3 Kb6 46. Kc4 Nf5 47. a5+ Ka6 48. Kc5 f6 
49. Be2+ Ka7 50. b5 Kb8 51. b6 Ne7 52. a6 Nc8 53. b7 Na7 54. Kb6 f5 55. 
Bd3 g6 56. h4 1-0

[Event "2017 Server Team Championship, S71999"]
[Site "CCLA"]
[Date "2017.10.16"]
[Round "?"]
[White "O'Connell, C."]
[Black "Edwards, K. E. D. G."]
[Result "1/2-1/2"]
[WhiteElo "2340"]
[BlackElo "2284"]
[Board "2"]
[WhiteTeam "PA Keystones"]
[BlackTeam "Desperados"]

1. Nf3 c5 2. c4 Nf6 3. g3 b6 4. Bg2 Bb7 5. O-O e6 6. Nc3 Be7 7. d4 cxd4 8.
 Qxd4 O-O 9. Rd1 d6 10. Bg5 Nc6 11. Qf4 Qb8 12. Rd2 Ne5 13. Rad1 Rc8 14. 
b3 Ng6 15. Qe3 d5 16. cxd5 Bc5 17. Qd3 Nxd5 18. Nxd5 Bxd5 19. e4 Bb7 20. 
h4 a5 21. Rc2 Qc7 22. Rcc1 h6 23. Be3 Rd8 24. Qc2 Rxd1+ 25. Rxd1 Rc8 26. 
Bxc5 Qxc5 27. Qxc5 Rxc5 28. Rd8+ Kh7 29. Rb8 Bxe4 30. Rxb6 Rc1+ 31. Kh2 
Bxf3 32. Bxf3 Rc2 33. Kg2 Rxa2 34. Be4 h5 35. Rb5 Kh6 36. Bf3 e5 37. Be4 
f6 38. Rb8 a4 39. bxa4 Rxa4 40. Bc2 Ra2 41. Bb1 Ra7 42. Re8 Rf7 43. Bc2 f5
44. f3 Rf6 45. Kh3 Kh7 46. Kg2 Kh6 47. Kh3 Kh7 48. Kg2 1/2-1/2

[Event "2017 Server Team Championship, S71999"]
[Site "CCLA"]
[Date "2017.10.16"]
[Round "?"]
[White "O'Connell, C."]
[Black "Jones, Jan"]
[Result "1-0"]
[WhiteElo "2340"]
[BlackElo "2196"]
[Board "2"]
[WhiteTeam "PA Keystones"]
[BlackTeam "Gustafson Winners"]

1. f4 c5 2. Nf3 Nc6 3. e4 g6 4. Be2 Bg7 5. O-O e6 6. c3 Nge7 7. Kh1 O-O 8.
 d4 cxd4 9. cxd4 d5 10. e5 Nf5 11. Nc3 h5 12. Qd2 Qb6 13. Rd1 Bd7 14. Bf1 
Rfc8 15. Qf2 Bf8 16. Na4 Qa5 17. Nc3 Qd8 18. h3 h4 19. Bd2 Qb6 20. Be1 Be7
21. Kh2 a6 22. Qg1 Be8 23. Rd2 Qd8 24. Bf2 Na5 25. Bd3 Ng7 26. Qe1 Nh5 27.
 Bxh4 Bxh4 28. Nxh4 Nxf4 29. Nf3 b5 30. Qe3 Nxd3 31. Qh6 f6 32. Rf1 Qc7 
33. Rxd3 Qg7 34. Qh4 f5 35. Ng5 Rc6 36. Ne2 Nb7 37. Rg3 Nd8 38. Nf3 Qh7 
39. Qf6 Qg7 40. Nf4 Rc7 41. Nh4 Qxf6 42. exf6 Rac8 43. Nhxg6 Kf7 44. Nh5 
1-0

[Event "2017 Server Team Championship, S71999"]
[Site "CCLA"]
[Date "2017.10.16"]
[Round "?"]
[White "O'Connell, C."]
[Black "Sherwood, Helen"]
[Result "1/2-1/2"]
[WhiteElo "2340"]
[BlackElo "2294"]
[Board "2"]
[WhiteTeam "PA Keystones"]
[BlackTeam "BCCA"]

1. Nf3 d5 2. g3 Nf6 3. Bg2 c6 4. O-O Bg4 5. h3 Bh5 6. d4 e6 7. c4 Nbd7 8. 
cxd5 cxd5 9. Nc3 Be7 10. Qb3 Bxf3 11. Bxf3 Nb6 12. a4 O-O 13. a5 Nc4 14. 
Qxb7 h6 15. h4 a6 16. Rd1 Bd6 17. Qb3 Qb8 18. Qxb8 Raxb8 19. e4 Nxb2 20. 
Rd2 Nc4 21. Rc2 Bb4 22. exd5 Nxa5 23. Raa2 Nb3 24. Ne2 Nxd5 25. Bxd5 Nxc1 
26. Rxc1 exd5 27. Rxa6 Rfe8 28. Rc2 Bf8 29. h5 Be7 30. Ra5 Red8 31. Nf4 
Bf6 32. Nxd5 Bxd4 33. Ne7+ Kf8 34. Nf5 Bf6 1/2-1/2

[Event "2017 Server Team Championship, S71999"]
[Site "CCLA"]
[Date "2017.10.16"]
[Round "?"]
[White "O'Connell, C."]
[Black "Carter, Maurice H."]
[Result "1-0"]
[WhiteElo "2340"]
[BlackElo "2171"]
[Board "2"]
[WhiteTeam "PA Keystones"]
[BlackTeam "Queen and Knights"]

1. c4 Nf6 2. Nc3 c5 3. Nf3 Nc6 4. g3 d5 5. cxd5 Nxd5 6. Bg2 g6 7. d3 Bg7 
8. Bd2 Nc7 9. Rc1 O-O 10. h4 h5 11. Ng5 Bd7 12. Nce4 b6 13. Bc3 f6 14. 
Qb3+ e6 15. Nf3 Kh8 16. d4 f5 17. Nd6 cxd4 18. Bd2 Qe7 19. Nc4 Na6 20. Bg5
Qb4+ 21. Qxb4 Naxb4 22. a3 Nd5 23. O-O Rac8 24. Nd6 Ra8 25. Rfd1 a6 26. 
Rd2 Ra7 27. Rdc2 Na5 28. Nd2 Ba4 29. Rc8 Rxc8 30. Nxc8 Rb7 31. Bxd5 exd5 
32. Nd6 Rb8 33. Bf4 Ra8 34. Kf1 b5 35. Rc7 Nc4 36. Nf3 Nxd6 37. Bxd6 Re8 
38. Bc5 d3 39. exd3 Bxb2 40. d4 Bc2 41. Ne5 Re6 42. Rc8+ Kh7 43. f4 Be4 
44. Nf7 Bd3+ 45. Kf2 Re2+ 46. Kf3 Rc2 47. Ng5+ Kg7 48. Ke3 Rc3 49. Bf8+ 
Kf6 50. Rxc3 Bxc3 51. Kxd3 Be1 52. Nf3 Bxg3 53. Bh6 Ke6 54. Bg5 a5 55. Ke2
Kd6 56. Ne5 b4 57. a4 Kc7 58. Nxg6 1-0

[Event "2017 Server Team Championship, S71999"]
[Site "CCLA"]
[Date "2017.10.16"]
[Round "?"]
[White "Jones, Jan"]
[Black "Edwards, K. E. D. G."]
[Result "1/2-1/2"]
[WhiteElo "2196"]
[BlackElo "2284"]
[Board "2"]
[WhiteTeam "Gustafson Winners"]
[BlackTeam "Desperados"]

1. c4 c5 2. g3 Nc6 3. Bg2 g6 4. Nc3 Bg7 5. e3 e5 6. Nge2 Nge7 7. O-O d6 8.
 a3 Be6 9. Nd5 Rb8 10. Nec3 a6 11. b3 b5 12. Qc2 O-O 13. Rb1 Qd7 14. d3 
Bf5 15. Nxe7+ Nxe7 16. Ne4 h6 17. Bb2 Be6 18. Qe2 Rb6 19. Ba1 Rfb8 20. Qc2
Bh3 21. Bxh3 Qxh3 22. b4 cxb4 23. axb4 bxc4 24. dxc4 d5 25. Nc5 Rxb4 26. 
Rxb4 Rxb4 27. cxd5 Nxd5 28. Qd2 Nf6 29. Nd3 Ra4 30. Nxe5 Qe6 31. Bd4 Nh7 
32. Qd1 Ra2 33. Nf3 Ng5 34. h4 Nxf3+ 35. Qxf3 Bxd4 36. exd4 Ra5 37. Rd1 
Rd5 38. Rb1 Rd8 39. Rd1 Rd5 40. Rb1 a5 41. Rb8+ Kh7 42. Qc3 h5 43. Rc8 a4 
44. Ra8 Qg4 45. Qe3 Qxd4 46. Qe8 Rf5 47. Qg8+ Kh6 48. Qh8+ Qxh8 49. Rxh8+ 
Kg7 50. Ra8 a3 1/2-1/2

[Event "2017 Server Team Championship, S71999"]
[Site "CCLA"]
[Date "2017.10.16"]
[Round "?"]
[White "Jones, Jan"]
[Black "O'Connell, C."]
[Result "1/2-1/2"]
[WhiteElo "2196"]
[BlackElo "2340"]
[Board "2"]
[WhiteTeam "Gustafson Winners"]
[BlackTeam "PA Keystones"]

1. c4 f5 2. g3 Nf6 3. Bg2 g6 4. Nc3 Bg7 5. d3 O-O 6. e4 fxe4 7. dxe4 d6 8.
 Nge2 c5 9. O-O Nc6 10. f4 Be6 11. b3 Qd7 12. Bb2 Bh3 13. e5 dxe5 14. fxe5
Nxe5 15. Bxh3 Qxh3 16. Nf4 Qh6 17. Qe2 Nc6 18. Ne6 Nd4 19. Nxd4 cxd4 20. 
Qe6+ Kh8 21. Ne2 d3 22. Nf4 Nh5 23. Nxd3 Bxb2 24. Nxb2 Qg5 25. Qe1 Rxf1+ 
26. Qxf1 Nxg3 27. hxg3 Qxg3+ 28. Qg2 Qe3+ 29. Qf2 1/2-1/2

[Event "2017 Server Team Championship, S71999"]
[Site "CCLA"]
[Date "2017.10.16"]
[Round "?"]
[White "Jones, Jan"]
[Black "Sherwood, Helen"]
[Result "1/2-1/2"]
[WhiteElo "2196"]
[BlackElo "2294"]
[Board "2"]
[WhiteTeam "Gustafson Winners"]
[BlackTeam "BCCA"]

1. c4 e5 2. g3 Nf6 3. Bg2 d5 4. cxd5 Nxd5 5. Nc3 Nb6 6. Nf3 Nc6 7. O-O Be7
8. a3 O-O 9. b4 Be6 10. Rb1 f6 11. d3 a5 12. b5 Nd4 13. Nd2 Qc8 14. e3 Nf5
15. Qc2 Nd6 16. Nce4 a4 17. Rd1 Nd5 18. Nc5 Bf7 19. Nxa4 c6 20. bxc6 Qxc6 
21. Qxc6 bxc6 22. Nb6 Ra6 23. Nxd5 cxd5 24. Bb2 Ra7 25. Ra1 Rfa8 26. Rdc1 
g5 27. Nb1 Nb5 28. d4 e4 29. Ra2 Bxa3 30. Nxa3 Nxa3 31. Rca1 Nb5 32. Rxa7 
Rxa7 33. Rxa7 Nxa7 34. Bh3 Nb5 35. Bd7 Nd6 36. Ba3 Nc4 37. Be7 Kg7 38. h4 
gxh4 39. gxh4 Nb6 40. Bg4 Be8 41. Kg2 Kg6 42. Bb4 Bd7 43. Be2 Nc4 44. Kg3 
Nb2 45. Ba6 Kf5 46. f3 Nc4 47. Kf2 Nb2 48. Ke2 Be6 49. Bb5 Nc4 50. Be8 Bg8
51. Bd7+ 1/2-1/2

[Event "2017 Server Team Championship, S71999"]
[Site "CCLA"]
[Date "2017.10.16"]
[Round "?"]
[White "Jones, Jan"]
[Black "Carter, Maurice H."]
[Result "1/2-1/2"]
[WhiteElo "2196"]
[BlackElo "2171"]
[Board "2"]
[WhiteTeam "Gustafson Winners"]
[BlackTeam "Queen and Knights"]

1. c4 Nf6 2. Nc3 c5 3. Nf3 Nc6 4. d4 cxd4 5. Nxd4 g6 6. e4 Bg7 7. Be3 Ng4 
8. Qxg4 Nxd4 9. Qd1 Nc6 10. Qd2 O-O 11. Be2 d6 12. O-O Qa5 13. Rac1 b6 14.
 a3 Re8 15. Rfd1 Be6 16. Nd5 Qxd2 17. Rxd2 Rac8 18. b4 Nb8 19. c5 bxc5 20.
 bxc5 dxc5 21. Rxc5 Rxc5 22. Bxc5 Bxd5 23. exd5 Nd7 24. Bxa7 Ra8 25. Be3 
Rxa3 26. d6 exd6 27. Rxd6 Nf8 28. g3 h5 29. Kg2 Rc3 30. Bf3 Be5 31. Ra6 
Rd3 32. Ra5 Bb2 33. Rb5 Bf6 34. Rd5 Rxd5 35. Bxd5 Kg7 36. Kf3 Nd7 37. Ke2 
Be7 38. h3 Bd6 39. Bc6 Nc5 40. h4 Kf6 41. Bd5 Ke7 42. Ba2 Ne6 43. Bc4 Kf6 
44. Kf3 Bc5 45. Bd2 Ke7 46. Kg2 Kf8 47. Bd5 Ke7 48. Kf1 Kd6 49. Bb3 Kd7 
50. Kg2 1/2-1/2

[Event "2017 Server Team Championship, S71999"]
[Site "CCLA"]
[Date "2017.10.16"]
[Round "?"]
[White "Sherwood, Helen"]
[Black "Edwards, K. E. D. G."]
[Result "1/2-1/2"]
[WhiteElo "2294"]
[BlackElo "2284"]
[Board "2"]
[WhiteTeam "BCCA"]
[BlackTeam "Desperados"]

1. e4 c5 2. Nf3 d6 3. d4 cxd4 4. Nxd4 Nf6 5. Nc3 a6 6. Be3 Ng4 7. Bg5 h6 
8. Bh4 g5 9. Bg3 Bg7 10. h3 Ne5 11. Nf5 Bxf5 12. exf5 Qa5 13. Qd5 Qb6 14. 
O-O-O Nbd7 15. Qb3 Qxb3 16. axb3 O-O-O 17. f3 b5 18. h4 Nc6 19. Ne4 Nc5 
20. Bf2 Nxe4 21. fxe4 Kc7 22. Be2 Be5 23. c3 Rdg8 24. h5 Ra8 25. Kd2 Nb8 
26. Ra1 Kb7 27. b4 Re8 28. Rhd1 Rc8 29. Ke3 Nd7 30. Kf3 Nf6 31. g4 Nd7 
1/2-1/2

[Event "2017 Server Team Championship, S71999"]
[Site "CCLA"]
[Date "2017.10.16"]
[Round "?"]
[White "Sherwood, Helen"]
[Black "O'Connell, C."]
[Result "1/2-1/2"]
[WhiteElo "2294"]
[BlackElo "2340"]
[Board "2"]
[WhiteTeam "BCCA"]
[BlackTeam "PA Keystones"]

1. e4 c5 2. Nf3 g6 3. d4 cxd4 4. Nxd4 Nc6 5. c4 Bg7 6. Be3 Nf6 7. Nc3 O-O 
8. Be2 d6 9. O-O Bd7 10. Qd2 Nxd4 11. Bxd4 Bc6 12. f3 a5 13. b3 Nd7 14. 
Be3 Nc5 15. Rab1 e6 16. Rfd1 Be5 17. Rbc1 Qe7 18. Bg5 f6 19. Be3 f5 20. 
exf5 Rxf5 21. f4 Bxc3 22. Qxc3 h5 23. Qd2 Ne4 24. Qc2 e5 25. Re1 Rf6 26. 
fxe5 Qxe5 27. Qd3 Re6 28. Qd4 Rae8 29. Qxe5 Rxe5 30. Bd4 R5e6 31. Bf1 Nd2 
32. Rxe6 Rxe6 33. Bd3 Be4 34. Bxe4 Nxe4 35. Bb6 a4 36. bxa4 d5 37. Be3 Nd6
38. c5 Nc4 39. Bf4 Re4 40. Bg5 Kf7 41. Rb1 Na5 42. Rb6 Rxa4 43. Rf6+ 
1/2-1/2

[Event "2017 Server Team Championship, S71999"]
[Site "CCLA"]
[Date "2017.10.16"]
[Round "?"]
[White "Sherwood, Helen"]
[Black "Jones, Jan"]
[Result "1-0"]
[WhiteElo "2294"]
[BlackElo "2196"]
[Board "2"]
[WhiteTeam "BCCA"]
[BlackTeam "Gustafson Winners"]

1. e4 c5 2. Nf3 Nc6 3. d4 cxd4 4. Nxd4 Qc7 5. Nc3 e6 6. Be3 a6 7. Be2 Nf6 
8. O-O Bb4 9. Na4 O-O 10. Nxc6 bxc6 11. Nb6 Rb8 12. c3 Bd6 13. g3 Nxe4 14.
 Nxc8 Rfxc8 15. Bxa6 Rf8 16. Bd3 f5 17. Bxe4 fxe4 18. Qe2 Be5 19. a4 c5 
20. a5 d5 21. Rfd1 Ra8 22. a6 Bd6 23. Rdb1 Qe7 24. Qd2 Be5 25. Ra5 Rfc8 
26. b4 cxb4 27. cxb4 Bc3 28. Qd1 Bxb4 29. Rb5 Bd6 30. Rb7 Qf6 31. a7 Be5 
32. Qg4 h6 33. Rd7 d4 34. Bf4 Bxf4 35. gxf4 Kh7 36. Rbb7 Rg8 37. Qg2 e3 
38. Rf7 e2 39. Rxf6 e1=Q+ 40. Qf1 Qc3 41. Rff7 Rad8 42. Rfd7 Qf3 43. h3 
Rxd7 44. Rxd7 Qxf4 45. Qd3+ Qf5 46. Qxd4 e5 47. Qg4 Qxg4+ 48. hxg4 Kg6 49.
 Kg2 Kf6 50. Kg3 Ra8 51. Kh4 Rc8 52. Kh5 Ra8 53. Rc7 Rh8 54. Rc6+ Kf7 55. 
Ra6 Ra8 56. f3 Ke7 57. Kg6 1-0

[Event "2017 Server Team Championship, S71999"]
[Site "CCLA"]
[Date "2017.10.16"]
[Round "?"]
[White "Sherwood, Helen"]
[Black "Carter, Maurice H."]
[Result "1/2-1/2"]
[WhiteElo "2294"]
[BlackElo "2171"]
[Board "2"]
[WhiteTeam "BCCA"]
[BlackTeam "Queen and Knights"]

1. e4 c5 2. Nf3 e6 3. d4 cxd4 4. Nxd4 a6 5. Nc3 Qc7 6. Bd3 Nf6 7. O-O Bd6 
8. Kh1 Nc6 9. Nxc6 dxc6 10. f4 e5 11. f5 b5 12. a4 Bb7 13. Qf3 Be7 14. b3 
b4 15. Nd1 Bc5 16. Bg5 a5 17. Ne3 h6 18. Bh4 Kf8 19. Rad1 Bd4 20. Bc4 Re8 
21. Rde1 Rd8 22. Ng4 Qe7 23. Nxf6 gxf6 24. Qh5 Rd6 25. h3 c5 26. Qe2 Qd7 
27. Rd1 Qc6 28. Qh5 Qc7 29. Qe2 h5 30. Qf3 Qc6 31. Rfe1 Ke7 32. Qg3 Kf8 
33. Qf3 Qb6 34. Bd3 Bc3 35. Rf1 Ba6 36. Qe2 Bd4 37. Rf3 Qc6 38. Be1 Bb7 
39. Rg3 Ba8 40. h4 Bb7 41. Kh2 Ke7 42. Rg7 Kf8 43. Rg3 Ke7 44. Rg7 Kf8 45.
 Rg3 1/2-1/2

[Event "2017 Server Team Championship, S71999"]
[Site "CCLA"]
[Date "2017.10.16"]
[Round "?"]
[White "Carter, Maurice H."]
[Black "Edwards, K. E. D. G."]
[Result "0-1"]
[WhiteElo "2171"]
[BlackElo "2284"]
[Board "2"]
[WhiteTeam "Queen and Knights"]
[BlackTeam "Desperados"]

1. Nf3 c5 2. c4 Nf6 3. g3 b6 4. Bg2 Bb7 5. O-O e6 6. Nc3 Be7 7. b3 O-O 8. 
Bb2 d5 9. cxd5 Nxd5 10. Nxd5 Bxd5 11. Rc1 Na6 12. Qc2 Rc8 13. Qb1 b5 14. 
d3 Qb6 15. Rfd1 Rfd8 16. Rd2 Nb4 17. e4 Ba8 18. d4 a5 19. Rcd1 cxd4 20. 
Bxd4 Qc7 21. Ne1 Bg5 22. f4 Be7 23. Kh1 Bc6 24. Nf3 Be8 25. h3 f6 26. e5 
f5 27. Bf2 Bc6 28. Rxd8+ Rxd8 29. Nd4 Qd7 30. Bxc6 Nxc6 31. Qc1 Qd5+ 32. 
Kh2 h6 33. Nxc6 Qxd1 34. Nxe7+ Kh7 35. Qxd1 Rxd1 36. a3 Rb1 37. Nc6 Rxb3 
38. Nxa5 Rxa3 39. Be1 g5 40. Bb4 Ra2+ 41. Kg1 gxf4 42. gxf4 Kg6 43. Nc6 
Rc2 44. Na5 Re2 45. Bd6 Re4 46. Nb3 Rxf4 47. Na5 Ra4 48. Nb3 f4 49. Nc5 
Ra1+ 50. Kf2 Kf5 51. Nb3 Ra2+ 52. Kf3 Ra4 53. Nd2 b4 54. Kf2 Ra3 55. Bxb4 
Rxh3 56. Bd6 Rh2+ 57. Ke1 Kg4 58. Ne4 Kf3 59. Nd2+ Kg2 0-1

[Event "2017 Server Team Championship, S71999"]
[Site "CCLA"]
[Date "2017.10.16"]
[Round "?"]
[White "Carter, Maurice H."]
[Black "O'Connell, C."]
[Result "0-1"]
[WhiteElo "2171"]
[BlackElo "2340"]
[Board "2"]
[WhiteTeam "Queen and Knights"]
[BlackTeam "PA Keystones"]

1. Nf3 d6 2. e4 Nf6 3. Nc3 g6 4. d4 Bg7 5. h3 O-O 6. Bg5 d5 7. exd5 Nxd5 
8. Bc4 Be6 9. Bb3 c5 10. Ne4 h6 11. Bc1 cxd4 12. Nxd4 Bc8 13. O-O Nc7 14. 
Be3 e5 15. Nf3 b6 16. c3 Nc6 17. Qb1 Qe7 18. Rd1 Na5 19. Nd6 Be6 20. Bxe6 
Qxe6 21. b4 Nc6 22. Qe4 Ne7 23. c4 Rad8 24. c5 Nf5 25. Qb7 Nxe3 26. fxe3 
Rd7 27. e4 Nb5 28. Qc6 Nxd6 29. Rxd6 Rxd6 30. Qxd6 Qc4 31. cxb6 axb6 32. 
Nd2 Qc3 33. Rf1 h5 34. Kh1 Bh6 35. Nf3 Qc4 36. Re1 Bf4 37. a4 Ra8 38. Qd5 
Qxd5 39. exd5 Bg3 40. Ra1 e4 41. Nd2 f5 42. a5 e3 43. Nf1 Bf2 44. Ra2 Re8 
45. Re2 bxa5 46. bxa5 f4 47. d6 Kf7 48. Nh2 Bg3 49. Nf1 Rc8 50. Nxg3 fxg3 
51. Re1 Rc6 0-1

[Event "2017 Server Team Championship, S71999"]
[Site "CCLA"]
[Date "2017.10.16"]
[Round "?"]
[White "Carter, Maurice H."]
[Black "Jones, Jan"]
[Result "1/2-1/2"]
[WhiteElo "2171"]
[BlackElo "2196"]
[Board "2"]
[WhiteTeam "Queen and Knights"]
[BlackTeam "Gustafson Winners"]

1. Nf3 c5 2. c4 Nc6 3. g3 g6 4. Bg2 Bg7 5. O-O e6 6. Nc3 Nge7 7. d3 O-O 8.
 Bd2 d5 9. Re1 b6 10. cxd5 exd5 11. Bg5 Be6 12. d4 h6 13. Bxe7 Qxe7 14. e3
Rfd8 15. Qa4 Qb7 16. Rad1 Rac8 17. Rd2 c4 18. a3 Na5 19. Rdd1 a6 20. Qc2 
b5 21. Ne5 Nb3 22. f4 h5 23. Rf1 Bf5 24. Qe2 f6 25. Nf3 Qf7 26. h3 Be6 27.
 Nh4 f5 28. Nf3 Qe8 29. Ng5 Rc7 30. Bf3 Bf6 31. Nxe6 Qxe6 32. Rfe1 Kh8 33.
 Qg2 Rcd7 34. Kh1 Kg7 35. Kg1 Rd6 1/2-1/2

[Event "2017 Server Team Championship, S71999"]
[Site "CCLA"]
[Date "2017.10.16"]
[Round "?"]
[White "Carter, Maurice H."]
[Black "Sherwood, Helen"]
[Result "1/2-1/2"]
[WhiteElo "2171"]
[BlackElo "2294"]
[Board "2"]
[WhiteTeam "Queen and Knights"]
[BlackTeam "BCCA"]

1. Nf3 d5 2. d4 Nf6 3. c4 e6 4. g3 dxc4 5. Bg2 Bb4+ 6. Bd2 a5 7. O-O O-O 
8. a3 Be7 9. Qa4 c5 10. Qxc4 cxd4 11. Qxd4 Nc6 12. Qxd8 Rxd8 13. Nc3 e5 
14. Rfd1 Be6 15. Be3 Rxd1+ 16. Rxd1 Rd8 17. Rxd8+ Bxd8 18. Ne1 Nd7 19. Nd3
f5 20. Na4 e4 21. Ndc5 Nxc5 22. Nxc5 Bc8 23. f3 Bf6 24. fxe4 Bxb2 25. a4 
Bd4 26. Kf2 b6 27. Nd3 fxe4 28. Bxd4 Nxd4 29. Bxe4 Bd7 30. Ke3 Nf5+ 31. 
Kf4 Nd4 32. Ke3 Nf5+ 33. Kf4 Nd6 1/2-1/2